000 00262nam a2200109Ia 4500
008 240625s9999 xx 000 0 und d
041 _aeng
082 _a332.64 WIL
100 _aWILMOTT PAUL
245 _aPAUL WILMOTT INTRODUCES QUANTITATIVE FIN
260 _c2006
999 _c34764
_d34764